000 00649nam a2200181 i 4500
001 67984
003 ES-MaACL
005 20230906170201.0
007 t|
008 040217s1949 sp ||||1| spa d
080 _a821.134.2-16"16"
100 1 _aGallegos, Manuel de.
_953597
245 1 0 _aObras varias al Real Palacio del Buen Retiro
_b: dedicadas por mano de Diego Suárez al Excelentísimo Sr. D. Gaspar de Guzmán /
_cautor Manuel de Gallegos.
260 _a[S.l. :
_bs.n.,
_c1949] (
_eValencia :
_fTip. Moderna)
300 _a10 h., 32 f. ;
_c25 cm.
500 _aMadrid, María de Quiñones, 1637.
852 _aES-MaACL
_j1908-F-17
_bR.28686
999 _c67984
_d67984